Modern american english : (Record no. 39892)

MARC details
000 -CABECERA
campo de control de longitud fija 00521nam a2200181 a 4500
005 - FECHA Y HORA DE LA ÚLTIMA TRANSACCIÓN
campo de control 20240614063711.0
008 - ELEMENTOS DE LONGITUD FIJA--INFORMACIÓN GENERAL
campo de control de longitud fija 991125c1962 new 000 0 eng u
035 ## - NÚMERO DE CONTROL DEL SISTEMA
Número de control de sistema UPN01000039892
049 ## - COLECCIÓN
Colección CG
050 #4 - SIGNATURA TOPOGRÁFICA DE LA BIBLIOTECA DEL CONGRESO
Número de clasificación PE1121 D5.42
100 1# - ASIENTO PRINCIPAL--NOMBRE PERSONAL
Nombre de persona Dixson, Robert James,
Fechas asociadas al nombre 1908-1963
9 (RLIN) 30894
245 10 - MENCIÓN DE TÍTULO
Título Modern american english :
Resto del título book 2 /
Mención de responsabilidad, etc. by Robert J. Dixson
260 ## - PUBLICACIÓN, DISTRIBUCIÓN, ETC.
Lugar de publicación, distribución, etc. New York :
Nombre del editor, distribuidor, etc. Regents,
Fecha de publicación, distribución, etc. 1962
300 ## - DESCRIPCIÓN FÍSICA
Extensión xi, 179 p. :
Otras características físicas il.
650 #4 - ASIENTO SECUNDARIO DE MATERIA - TERMINO TEMATICO
Término de materia o nombre geográfico como elemento de entrada Inglés
Subdivisión general Estudio y enseñanza
9 (RLIN) 18
904 ## - ELEMENTOS DE DATOS D LOCAL, LDD (RLIN)
a AC
b 039894
905 ## - TIPO DE MATERIAL
Tipo de material Libro

No items available.